01472nam a22002057a 4500001000400000003000600004005001700010008004100027040001000068050001500078082001000093100002100103245005900124260003100183300001900214505000600233520099500239521001601234521001601250119FISKH20230228092718.0230228b cb ||||| |||| 00| 0 eng d cFISKH aPZ7.G8523  a813.6 aGreenwald, Tommy aCrime biters!bIt's a doggy dog worldcTommy Greenwald aNew YorkbScholasticc2016 a229 p.c20 cm. aK aJimmy is sure that his dog Abby is special. After all, it was Abby who (with the help of Jimmy & friends) helped nab the criminal Barnaby Bratford and shut down Barnaby's babysitting service, a front for robbing the nice folks of Quietville. Jimmy's parents, on the other hand, are starting to feel like Abby is one destructive little dog (she chewed up Mom's entire shoe collection ) and they insist on enrolling Abby in obedience training. The only problem is that the longer Abby's in class, the more normal (read: boring) she becomes. Jimmy's superhero crime-fighting vampire dog is slowly becoming just like every other dog. She doesn't even sneak out at night anymore At the same time Jimmy's friends (the Crimebiters) are realizing that there's just not very much crime to fight in their tiny town. But when Jimmy joins the lacrosse team & mysterious things start happening on and off the field, the Crimebiters realize that Abby better get back to her crime-fighting ways...and fast8 a600bLexile8 aKbRaz-Plus